Diophantische Approximationen /
Guardado en:
| Autor Principal: | |
|---|---|
| Formato: | Libro |
| Idioma: | German |
| Publicado: |
New York :
Chelsea,
[19??]
|
| Series: | Ergebnisse der Mathematik und ihrer Grenzgebiete ;
4. Bd, 4 |
| Etiquetas: |
Agregar Etiqueta
Sin Etiquetas, Sea el primero en etiquetar este registro!
|
| LEADER | 00569nam a22001695a 4500 | ||
|---|---|---|---|
| 001 | MAT.inmabb000649 | ||
| 008 | 031118r19uu1936nyu###########001#0#ger#d | ||
| 005 | 20170802154604.0 | ||
| 245 | 1 | 0 | |a Diophantische Approximationen / |c von J. F. Koksma. |
| 260 | |a New York : |b Chelsea, |c [19??] | ||
| 300 | |a 157 p. | ||
| 440 | 0 | |a Ergebnisse der Mathematik und ihrer Grenzgebiete ; |v 4. Bd, 4 | |
| 500 | |a Reimpresión de la edición original de 1936. | ||
| 510 | 4 | |a MR, |c 49 #8940 | |
| 100 | 1 | |a Koksma, Jurjen Ferdinand, |d 1904- | |
| 084 | |a 11-XX |2 msc2000 | ||
| 859 | |h 11 |i K79 |p A-455 |b BIB. MATEMATICA | ||
